Kappaleet alun perusteella - Statistics

Yleistilastot
  • Tätä visaa on pelattu 312 kertaa
  • Keskiarvotulos 13 / 24
Vastaustilastot
Hint Vastaus % Oikein
Netflix-sarjoja, syön purkista Sanni 2080-luvulla
86%
Oon välillä ku terrieri Ramses II Villieläin
80%
Yöllä taas mä menin parvekkeelle nukkumaan Jenni Vartiainen Missä muruseni on
79%
Mistä alkaisin, jos susta kertoisin BEHM Hei rakas
76%
Entä jos oisin seitsemän oikein lotossa veikannut Arttu Wiskari Suomen muotoisen pilven alla
76%
Me emme saa haluta toisiamme Anna Puu Säännöt rakkaudelle
71%
Aluks oli suo, kuokka ja Jussi Olli Halonen Pohjola
70%
Mä, mä vaan haluan Mennä yölennolla Pariisiin Bess Ram pam pam
70%
Minä odotan täällä tunnelissa PMMP Lautturi
68%
Ei preeriaa, ei peltoja, ei vuortenhuippuja Samuli Putro Olet puolisoni nyt
68%
Sinä päivänä, kun Luoja teki sinut Anna Puu Mestaripiirros
67%
Mul on vuodessa vaan yksi kesäloma Vesala Älä droppaa mun tunnelmaa
59%
Turha opettaa mua ristiin jalkojani laittaa Eika Vikman Cicciolina
58%
Mä vannon ja vannon ja vannon Jari Sillanpää Sinä ansaitset kultaa
58%
Kauan sitten minussa, aavistus jo sinusta Johanna Kurkela Rakkauslaulu
51%
Minä rakastan näitä iltojani kanssans sun Juha Tapio Kaksi puuta
48%
Mä oon maailmassa yksin, ilman sua Lauri Tähkä Palavaa vettä
45%
Näitä teitä oon ikäni kulkenut Portion Boys Kyläbaari
44%
Jos maailmasi loppuisi tänään Ellinoora Dinosauruksii
41%
Jaksat vielä jonkin aikaa Jukka Poika Älä tyri nyt
39%
Hän katselee ja kuuntelee niin hiljaa Robin Hiljainen tyttö
31%
Onhan se sääli, et tää meni näin VIIVI Hyväuskoinen
31%
Mä käyn kaupassa moikkaan mun naapureita Kaija Koo Mun sydän
11%
Yöllä, sä oot hereil liian myöhään Mikael Gabriel Intiaanikesä
7%
Ehtoja vastaavia visoja ei löytynyt
Tulosjakauma
Jokaisen tuloksen saaneiden osuus
Persentiili vastausten määrän mukaan
Tuloshistoriasi
Et ole pelannut tätä visaa